Manera de mover á la construcción de edificios escolares, dadas las condiciones económicas de los pueblos de la provincia / por José Plana
Descripción Física:
15 p. ; 21 cm
Materias:
Edificis escolars
MARC
| LEADER | 00000nam a2200000Ia 4500 | ||
|---|---|---|---|
| 001 | 23508 | ||
| 008 | 160829s1914 xx 000 0 cat d | ||
| 080 | |a RF-16-72 | ||
| 100 | |a Plana Segura, José |9 48896 | ||
| 245 | |a Manera de mover á la construcción de edificios escolares, dadas las condiciones económicas de los pueblos de la provincia / por José Plana | ||
| 260 | |a Lleida : |b Tipografía de José A. Pagés, |c 1914 | ||
| 300 | |a 15 p. ; |c 21 cm | ||
| 590 | |a Prové de 3744, exp. 1. | ||
| 590 | |a A l'interior: Conferencia pedagógica. Primera de las oficialmente celebradas en Lérida en los días 18 y 19 de Julio de 1913. | ||
| 650 | |a Edificis escolars |9 48897 | ||
| 856 | 4 | |u https://media.diba.cat/diba/fitxers/arxiu/fulletons/bib_23508_baixa.pdf |y Accés lliure | |
| 856 | 4 | |u https://media.diba.cat/diba/fitxers/arxiu/fulletons/bib_23508_baixa.pdf |y Accés lliure | |
| 901 | |a Arxiu | ||
| 942 | |n 1 |2 udc | ||
| 952 | |0 0 |1 0 |4 0 |6 RF1672 |7 1 |9 54947 |a Arxiu |b Arxiu |d 2012-08-06 |l 0 |o RF-16-72 |p 23508 |r 2016-12-01 00:00:00 |w 2016-12-01 |y ARXIU | ||
| 999 | |c 58817 |d 58817 | ||
| 900 | |a bib_23508_baixa.pdf | ||